000 00415nam a2200157 4500
005 20260119140736.0
008 CU45
020 _a0749411449
050 _aHF5415EFF
100 _aNORMAN HART
245 _aEFFECTIVE INDUSTRIAL MARKETING
_bBUSINESS TO BUSINESS MARKETING OF GOODS AND SERVICES
260 _aLONDON
_bKOGAN PAGE LIMITED
_c1994
300 _a306p.,TABLES,GRAPHS
500 _aINDEX
942 _2lcc
_cBK
_n0
999 _c8601
_d8601